| 000 | 00827cam a2200253 a 4500 | ||
|---|---|---|---|
| 001 | 13601067 | ||
| 005 | 20180824030303.0 | ||
| 008 | 040521s2004 nyuab b 001 0 eng | ||
| 010 | _a 2004052436 | ||
| 020 | _a0072870982 | ||
| 020 | _a007295700X (CD ROM) | ||
| 040 |
_aDLC _cDLC _dDLC |
||
| 041 | _aeng | ||
| 043 | _an-us--- | ||
| 080 | _a973 | ||
| 082 | 0 | 0 |
_a973 _222 |
| 100 | _a16 | ||
| 101 | _aHIS | ||
| 245 | 0 | 0 |
_aNation of nations : _cJames West Davidson ... [et al.]. |
| 504 | _aIncludes bibliographical references and index. | ||
| 906 |
_a7 _bcbc _corignew _d1 _eocip _f20 _gy-gencatlg |
||
| 942 |
_2ddc _cBK |
||
| 999 |
_c47301 _d47301 |
||